Greek 1970s Music Quiz: Name the Artist - Statistics

General Stats
  • This quiz has been taken 6 times
    5 since last reset
  • The average score is 9 of 30
Answer Stats
Song Release Date Artist % Correct
Dose mou fotia 1971 Dimitris Mitropanos
100%
Pote na mi hatheis 1979 Marinella
60%
Epsaxa adika na vro 1970 Stelios Kazantzidis
60%
Mono min klais 1970 Arleta
40%
Goodbye, My Love, Goodbye 1973 Demis Roussos
40%
Vrohi kai simera 1973 Dimitra Galani
40%
I dimosthenous lexis 1972 Dionysis Savvopoulos
40%
Den xehniesai 1978 Giannis Parios
40%
Eho enan kafene 1971 Giorgos Dalaras
40%
Ena amaxi me dio aloga 1975 Grigoris Bithikotsis
40%
Afilotimi 1972 Stratos Dionysiou
40%
Sti ntiskotek 1979 Elpida
20%
Paporaki 1972 Giannis Kalatzis
20%
Kuro siwo 1979 Giannis Koutras
20%
Tsahpin 1975 Haris Alexiou
20%
Spasmeno karavi 1975 Kostas Karalis
20%
Ase me na s' agapao 1977 Litsa Diamanti
20%
Stin Elefsina mia fora 1971 Manolis Mitsias
20%
O leventis 1974 Maria Dimitriadi
20%
Poios tin zoi mou 1974 Maria Farantouri
20%
Fata morgana 1977 Mariza Koch
20%
Serpico 1973 Mikis Theodorakis
20%
Spiti mou spitaki mou 1972 Nana Mouskouri
20%
Dos' mou to cheri sou 1972 Nostradamos
20%
Poios borei na pistepsei 1971 Poll
20%
O trelos 1971 Stamatis Kokotas
20%
Lathos dromo pirame kardia 1972 Tolis Voskopoulos
20%
Alpha 1976 Vangelis
20%
Fevgoun karavia 1978 Vasilis Papakonstantinou
20%
Tha kleiso ta matia 1971 Viki Moscholiou
20%
No matching quizzes found
Score Distribution
Percent of People with Each Score
Percentile by Number Answered
Your Score History
You have not taken this quiz since the last reset